000 00635nam a2200205Ia 4500
001 17161
003 GE_BSU
008 181216s||||||||xx |||||||||||||| ||und||
040 _cGE_BSU
080 _a821.161.2-3
100 _aსტეფანიკი, ვასილ
245 _aრჩეული
245 _cთარგმ. ვლადიმერ თორდუასი. რედ. ალ. ხოშტარია
260 _aთბილისი
260 _bსახელგამი
260 _c1954
300 _a223გვ. : პორტრ. ; 21სმ.
653 _aრჩეული
942 _cBK
999 _c50223
_d50223